Les capitales d'Amérique du sud - Statistiques

Statistiques générales
  • Ce quiz a été pris 53 fois
  • Le résultat moyen est 10 sur 13
Réponses sur la Carte
Les réponses sont colorées sur une échelle allant du rouge au vert en fonction du pourcentage des utilisateurs qui les ont devinées à leur premier essai. Vous pouvez retrouver ces pourcentages ci-dessous.
 
Statistiques - réponses
Capitales % Correct
Brasilia
100%
Buenos aires
92%
Bogota
88%
Lima
86%
Montevideo
80%
Caracas
76%
La paz
76%
Sucre
76%
Quito
73%
Santiago
71%
Asuncion
53%
Georgetown
43%
Paramaribo
41%
Aucun quiz correspondant
Distribution des résultats
% des personnes avec chaque résultat
Percentile par nombre de réponses
Votre historique - résultats
Vous n’avez pas pris ce quiz